Bulletin of the Michigan Ornithological Club.

Saved in:
Bibliographic Details
Corporate Author: Michigan Ornithological Club.
Format: Journal
Language:English
Published: Grand Rapids, Mich. : The Club, 1897-.
Series:Museum of Comparative Zoology--Biodiversity Heritage Library digitization project.
Subjects:
Tags: Add Tag
No Tags, Be the first to tag this record!
LEADER 00941nas a2200277Ia 4500
001 003473124-5
005 20130607142350.0
008 920323u18979999miuqr p 0 a0eng d
035 0 |a ocm25512401 
040 |a SMI  |c SMI  |d HMZ 
043 |a n-us-mi 
090 |a QL684.M5  |b B936 
245 0 0 |a Bulletin of the Michigan Ornithological Club. 
260 |a Grand Rapids, Mich. :  |b The Club,  |c 1897-. 
300 |a v. :  |b ill. (some col.), ports. ;  |c 23-25 cm. 
362 0 |a Vol. 1, no. 1 (Jan. 1897)- 
500 |a Imprint varies: v. 4-<5>: Detroit, Mich. 
500 |a Vol. 3, no. 3 and 4 never published. 
500 |a Size varies. 
555 |a Vol. 4 in v. 4-6. 
610 2 0 |a Michigan Ornithological Club  |v Periodicals. 
650 0 |a Birds  |z Michigan  |v Periodicals. 
710 2 |a Michigan Ornithological Club. 
830 0 |a Museum of Comparative Zoology--Biodiversity Heritage Library digitization project.  |5 net 
988 |a 20020608 
906 |0 OCLC